000
00304nam a22001337a 4500
003
SGT
082
_a
616.01
_b
C16M
100
_a
MAHESHWARI, NANDA
245
_a
CLINICAL MICROBIOLOGY & PARASITOLOGY FOR DMLT
260
_a
INDIA
_b
JAYPEE
_c
2016
300
_a
498
650
_a
MLT
942
_2
ddc
_c
BK
_0
4
999
_c
13643
_d
13643